| 000 | 00570nam a2200181 a 4500 | ||
|---|---|---|---|
| 005 | 20140310183312.0 | ||
| 008 | 051013s19uu xx 00 eng d | ||
| 020 | _a1853838047 | ||
| 050 |
_aG 155.D44 _b.N38 2001 |
||
| 245 |
_aThe native tourist : _bmass tourism within developing countries / _cedited by Krishna B Ghimire. |
||
| 260 |
_aLondon : _bEarthscan Publications Ltd, _c2001. |
||
| 300 |
_axiii, 234 p. : _c24 cm. |
||
| 521 | _aTOU | ||
| 650 |
_aTourism _xDeveloping countries. |
||
| 700 | _aGhimire, Krishna B, ed. | ||
| 942 |
_cBK _2lcc _kFOR |
||
| 999 |
_c21174 _d21174 |
||